Quick Pick: Countries of Oceania Quiz Stats

 Plays Quiz not verified by Sporcle

Support Sporcle.
Go Orange.
Score 0/14 Timer 01:00
0 Plays Today
% Correct
New Zealand
97.6%
Australia
95.9%
Vanuatu
95.3%
Solomon Islands
95.3%
Fiji
94.7%
Micronesia
94.7%
Samoa
94.1%
% Correct
Palau
94.1%
Papua New Guinea
94.1%
Marshall Islands
94.1%
Tuvalu
93.5%
Nauru
92.9%
Tonga
92.4%
Kiribati
88.2%

You're not logged in!

Compare scores with friends on all Sporcle quizzes.
OR
Log In

From the Vault

Least Densely-Populated Countries Per Continent

by markrules

At least you know you'll have plenty of legroom.
Remove Ads.
Support Sporcle.
Get the best of Sporcle when you Go Orange. This ad-free experience offers more features, more stats, and more fun while also helping to support Sporcle. Thank you for becoming a member.

Show Comments

Extras

Top Quizzes Today


Score Distribution

Your Account Isn't Verified!

In order to create a playlist on Sporcle, you need to verify the email address you used during registration. Go to your Sporcle Settings to finish the process.

Report this User

Report this user for behavior that violates our Community Guidelines.

Details: